170 - Né(es) un 19 juin. - Statistiques

Statistiques générales
  • Ce quiz a été pris 20 fois
  • Le résultat moyen est 2 sur 8
Statistiques - réponses
Hint Année de naissance Réponse % Correct
Auteur des "Pensées" et inventeur de la Pascaline, ancêtre de la machine à calculer. 1623 Blaise Pascal
100%
Epouse américaine du prince Édouard VIII, duc de Windsor. 1896 Wallis Simpson|Bessie Wallis Warfield|Wallis Spencer
25%
Architecte français du XIXè siècle, connu pour ses 12 Pavillons des Halles de Paris. 1805 Victor Baltard
19%
Acteur américain ayant joué dans "Les hommes préfèrent les blondes" et "Plus on est de fous". 1877 Charles Coburn
6%
Colauréat avec Nikolaï Semionov du prix Nobel de chimie de 1956 pour leurs recherches sur le mécanisme des réactions chimiques. 1897 Cyril Norman Hinshelwood|Cyril Norman Hinshelwood
0%
Un des plus importants sculpteurs portugais de la fin du XVIIIe siècle et du début du XIXe siècle, connu notamment pour la statue équestre du roi Joseph Ier située sur la place du Commerce à Lisbonne. 1731 Joaquim Machado de Castro
0%
Violoniste et compositeur germano-bohémien, il dirigea l'un des meilleurs orchestres de France, celui de La Pouplinière. 1717 Johann Stamitz|Johann Wenzel Anton Stamitz
0%
Militaire des Provinces-Unies du Río de la Plata, surnommé "El Libertador", qui participa à la guerre d'indépendance de l'Argentine et de l'Uruguay. 1764 José Gervasio Artigas|José Gervasio Artigas y Arnal|Chef des Orientaux
0%
Aucun quiz correspondant
Distribution des résultats
% des personnes avec chaque résultat
Percentile par nombre de réponses
Votre historique - résultats
Vous n’avez pas pris ce quiz